[Event "POL-chT3 Wielkopolska 1112"]
[Site "Poland"]
[Date "2012.??.??"]
[Round "7.17"]
[White "Chromicz, Andrzej"]
[Black "Hanusek, Kamil"]
[Result "1/2-1/2"]
[WhiteElo "1486"]
[BlackElo "1611"]
[PlyCount "117"]
[EventDate "2011.11.27"]
[EventType "team-tourn"]
[EventRounds "11"]
[EventCountry "POL"]
[SourceTitle "EXT 2014"]
[Source "ChessBase"]
[SourceDate "2013.11.20"]
[SourceVersion "1"]
[SourceVersionDate "2013.11.20"]
[SourceQuality "1"]
[WhiteTeam "Rawicz Korona Rawbud"]
[BlackTeam "Wolsztyn UKS Szach"]
[WhiteTeamCountry "POL"]
[BlackTeamCountry "POL"]

1. e4 e5 2. Nf3 Nc6 3. Bb5 Bc5 4. Bxc6 dxc6 5. h3 Ne7 6. 0-0 Ng6 7. d3 0-0 8. a3 f5 9. exf5 Bxf5 10. Nh2 e4 11. b4 Bb6 12. dxe4 Qxd1 13. Rxd1 Bxe4 14. Ng4 Rad8 15. Re1 Bxc2 16. Be3 Rfe8 17. Nc3 Bxe3 18. Nxe3 Bb3 19. Rab1 Bf7 20. Rbd1 Kf8 21. Rxd8 Rxd8 22. Rd1 Rxd1+ 23. Ncxd1 Ke7 24. g3 Ke6 25. f4 Ne7 26. Kf2 Nd5 27. Kf3 g6 28. g4 Kd6 29. Nc4+ Kd7 30. Ne5+ Ke6 31. g5 Be8 32. Ke4 Kd6 33. Nc4+ Kd7 34. Ke5 Ke7 35. Nce3 Bd7 36. h4 Nb6 37. Nc3 Be6 38. Ne4 Nd7+ 39. Kd4 b6 40. a4 Bf5 41. Nxf5+ gxf5 42. Ng3 Ke6 43. h5 c5+ 44. Kc4 cxb4 45. Kxb4 c6 46. Ne2 Kd5 47. Ng3 a5+ 48. Ka3 Ke6 49. Ne2 Kd5 50. Ng3 Nf8 51. Nxf5 Ke4 52. Ne7 Kxf4 53. g6 hxg6 54. Nxg6+ Kg5 55. Nxf8 Kxh5 56. Nd7 b5 57. axb5 cxb5 58. Nc5 Kg5 59. Nb3 1/2-1/2

[Event "POL-chT3 Wielkopolska 1112"]
[Site "Poland"]
[Date "2012.??.??"]
[Round "8.29"]
[White "Chromicz, Andrzej"]
[Black "Smagalski, Slawomir"]
[Result "0-1"]
[WhiteElo "1486"]
[BlackElo "2025"]
[PlyCount "88"]
[EventDate "2011.11.27"]
[EventType "team-tourn"]
[EventRounds "11"]
[EventCountry "POL"]
[SourceTitle "EXT 2014"]
[Source "ChessBase"]
[SourceDate "2013.11.20"]
[SourceVersion "1"]
[SourceVersionDate "2013.11.20"]
[SourceQuality "1"]
[WhiteTeam "Rawicz Korona Rawbud"]
[BlackTeam "Konin Hetman"]
[WhiteTeamCountry "POL"]
[BlackTeamCountry "POL"]

1. e4 e5 2. Nf3 Nc6 3. Bb5 a6 4. Bxc6 dxc6 5. h3 h5 6. d4 exd4 7. Qxd4 Qxd4 8. Nxd4 Nf6 9. e5 Ne4 10. Nd2 Nxd2 11. Bxd2 Be7 12. 0-0-0 Bd7 13. Rhe1 c5 14. Nf3 0-0-0 15. Bg5 Rhe8 16. Re3 Bc6 17. Rxd8+ Kxd8 18. Bxe7+ Rxe7 19. Ne1 b6 20. f4 Bd7 21. b3 g6 22. Rd3 Ke8 23. h4 Be6 24. Nf3 c4 25. Re3 cxb3 26. axb3 Bd5 27. g3 f6 28. Nd2 Kf7 29. c4 Bb7 30. Kc2 fxe5 31. Ne4 exf4 32. Ng5+ Kf6 33. Rxe7 Kxe7 34. gxf4 Kf6 35. Kd2 Kf5 36. Ke3 c5 37. Nf7 Kg4 38. Ne5+ Kxh4 39. Nxg6+ Kg4 40. Ne5+ Kf5 41. Nd7 h4 42. Nxb6 h3 43. Nd5 Bxd5 44. cxd5 h2 0-1

[Event "POL-ch Amateurs"]
[Site "Wroclaw"]
[Date "2011.07.02"]
[Round "2"]
[White "Minko, Janusz"]
[Black "Chromicz, Andrzej"]
[Result "1-0"]
[WhiteElo "1897"]
[BlackElo "1588"]
[PlyCount "73"]
[EventDate "2011.07.01"]
[EventType "swiss"]
[EventRounds "7"]
[EventCountry "POL"]
[SourceTitle "EXT 2023"]
[Source "ChessBase"]
[SourceDate "2022.10.05"]
[SourceVersion "1"]
[SourceVersionDate "2022.10.05"]
[SourceQuality "1"]

1. d4 d6 2. c4 e6 3. Nc3 Be7 4. e4 Nf6 5. Bd3 0-0 6. Nf3 c5 7. e5 dxe5 8. dxe5 Nfd7 9. 0-0 Nc6 10. Re1 b6 11. Bf4 Bb7 12. Qc2 g6 13. a3 a6 14. Rad1 Qc7 15. Be4 Rad8 16. h4 Na5 17. Bxb7 Qxb7 18. Ne4 Qc6 19. Nd6 Bxd6 20. Rxd6 Qc7 21. Red1 Nb7 22. R6d2 Nb8 23. Bg5 Rxd2 24. Qxd2 f6 25. Bxf6 b5 26. cxb5 axb5 27. h5 Qc6 28. hxg6 Qe4 29. gxh7+ Qxh7 30. Ng5 Qf5 31. Qe3 Nc6 32. Rd7 Rxf6 33. exf6 Nbd8 34. Qg3 Kf8 35. Nh7+ Ke8 36. Qg7 Qh5 37. Re7+ 1-0